Blue economy : (Record no. 3038)

000 -LEADER
fixed length control field 03193cam a2200421 i 4500
006 - FIXED-LENGTH DATA ELEMENTS--ADDITIONAL MATERIAL CHARACTERISTICS--GENERAL INFORMATION
fixed length control field m o d
007 - PHYSICAL DESCRIPTION FIXED FIELD--GENERAL INFORMATION
fixed length control field cr cnu---unuuu
008 - FIXED-LENGTH DATA ELEMENTS--GENERAL INFORMATION
fixed length control field 221125t20232023enkab ob 001 0 eng
020 ## - INTERNATIONAL STANDARD BOOK NUMBER
International Standard Book Number 9781003280248
Qualifying information electronic book
020 ## - INTERNATIONAL STANDARD BOOK NUMBER
International Standard Book Number 1003280242
Qualifying information electronic book
020 ## - INTERNATIONAL STANDARD BOOK NUMBER
International Standard Book Number 9781000823301
Qualifying information electronic book
020 ## - INTERNATIONAL STANDARD BOOK NUMBER
International Standard Book Number 100082330X
Qualifying information electronic book
020 ## - INTERNATIONAL STANDARD BOOK NUMBER
International Standard Book Number 9781000823325
Qualifying information electronic book
020 ## - INTERNATIONAL STANDARD BOOK NUMBER
International Standard Book Number 1000823326
Qualifying information electronic book
040 ## - CATALOGING SOURCE
Original cataloging agency IMU Kochi Library
Language of cataloging eng
040 ## - CATALOGING SOURCE
Original cataloging agency IMU Kochi Library
Language of cataloging eng
041 0# - LANGUAGE CODE
Language code of text/sound track or separate title eng
082 00 - DEWEY DECIMAL CLASSIFICATION NUMBER
Classification number 333.9164
Edition number 23
130 0# - MAIN ENTRY--UNIFORM TITLE
Uniform title Blue economy (Routledge)
245 00 - TITLE STATEMENT
Title Blue economy :
Sub Title people and regions in transitions /
260 ## - PUBLICATION, DISTRIBUTION, ETC. (IMPRINT)
Place of publication, distribution, etc Abingdon, Oxon ; New York, NY :
Name of publisher, distributor, etc Routledge,
Date of publication, distribution, etc 2023
300 ## - PHYSICAL DESCRIPTION
Extent 1 online resource (xxiv, 251 pages) :
Other physical details illustrations, maps.
490 1# - SERIES STATEMENT
Series statement The dynamics of economic space
520 ## - SUMMARY, ETC.
Summary, etc "This book presents state-of-the-art perspectives on the blue economy. It applies important geographical and sustainability transitions perspectives, and underscores how blue economy dynamics are situated in regional contexts and shaped by the people who live there. The book highlights the blue economy concept as a potential driver of regionally sensitive, ecologically embedded and community focused sustainability. The scope for blue economy to form a core 'cog' in our low-carbon future is obvious, from the potential for renewable energy production and coastal resilience building, to possibilities for sustainable food production and the delivery of economic opportunities for peripheral communities. However, fundamental questions remain on how to meaningfully deliver these promises, such as how to avoid embedding a model of damaging extractivism, as per the terrestrial economy, and how to deliver on the key social sustainability principles of human well-being, equity, and justice when planning and developing blue economies. As the UN Decade of Ocean Science for Sustainable Development opens, this book provides a timely reminder of the richness, diversity, and potential of coastal and marine spaces. It advances geographical and transdisciplinary understandings of the blue economy and sets a baseline for continued scholarly engagement with the blue economy from a variety of perspectives. This timely contribution will be of interest to policy makers, academics, industry leaders, decision makers and stakeholders working in or connected to the Blue Economy Sphere and working in the fields of Economic Geography, Regional Development, Public Policy and Planning, Environmental Studies and Coastal Zone Management"--
650 #0 - SUBJECT ADDED ENTRY--TOPICAL TERM
Topical term or geographic name as entry element Marine resources
General subdivision Economic aspects.
650 #0 - SUBJECT ADDED ENTRY--TOPICAL TERM
Topical term or geographic name as entry element Marine resources
General subdivision Social aspects.
650 #0 - SUBJECT ADDED ENTRY--TOPICAL TERM
Topical term or geographic name as entry element Sustainable development
General subdivision Social aspects.
650 #0 - SUBJECT ADDED ENTRY--TOPICAL TERM
Topical term or geographic name as entry element Coastal zone management.
700 1# - ADDED ENTRY--PERSONAL NAME
Personal name Heidkamp, C. Patrick,
Relator term Editor
700 1# - ADDED ENTRY--PERSONAL NAME
Personal name Morrissey, John,
Relator term Editor
700 1# - ADDED ENTRY--PERSONAL NAME
Personal name Germond-Duret, Céline,
Relator term Editor
830 #0 - SERIES ADDED ENTRY--UNIFORM TITLE
Uniform title Dynamics of economic space.
852 ## - LOCATION/CALL NUMBER
Location IMU Kochi Library
856 40 - ELECTRONIC LOCATION AND ACCESS
Uniform Resource Identifier <a href="https://www.taylorfrancis.com/books/9781003280248">https://www.taylorfrancis.com/books/9781003280248</a>
904 ## - LOCAL DATA ELEMENT D, LDD (RLIN)
CATALOGER Rudra Ranjan
905 ## - LOCAL DATA ELEMENT E, LDE (RLIN)
VERIFIER Rudra Ranjan
942 ## - ADDED ENTRY ELEMENTS (KOHA)
Item type E-Book

No items available.



Copyright © All Rights Reserved by Indian Maritime University, Kochi Campus.
For any Suggestions/Query Contact to library or Email: library.kochi@imu.ac.in Ph:(0484)-2989402
(Web OPAC Designed by Rudra Ranjan. Maintained by IMU Kochi Library)

Powered by Koha